00287nam a22001097a 4500020001500000040000900015082001700024100001600041245003600057260004800093650003600141 a085264275x cNust a519.2bSTA;S aAlan Stuart aStatistics theory and practice  aEngland:bCharles Griffin & Coy Ltd,c1984. aStatistics theory and practice